|
|
|
|
| LEADER |
01761nam a2200505 i 4500 |
| 001 |
nkc20162795429 |
| 003 |
CZ PrNK |
| 005 |
20160517141631.0 |
| 007 |
ta |
| 008 |
160502s2016 xr a d 000 f cze |
| 015 |
|
|
|a cnb002795429
|
| 020 |
|
|
|a 978-80-7432-710-0
|q (vázáno)
|
| 035 |
|
|
|a (OCoLC)951554582
|
| 040 |
|
|
|a OLA001
|b cze
|e rda
|
| 041 |
1 |
|
|a cze
|h eng
|
| 072 |
|
7 |
|a 821.111(73)-3
|x Americká próza
|2 Konspekt
|9 25
|
| 072 |
|
7 |
|a 821-93
|x Literatura pro děti a mládež (beletrie)
|2 Konspekt
|9 26
|
| 080 |
|
|
|a 821.111(73)-31
|2 MRF
|
| 080 |
|
|
|a 821-93
|2 MRF
|
| 080 |
|
|
|a 94(100)"1939/1945"
|2 MRF
|
| 080 |
|
|
|a 355.01-053.2
|2 MRF
|
| 080 |
|
|
|a (0:82-31)
|2 MRF
|
| 100 |
1 |
|
|a Savit, Gavriel
|7 xx0201724
|4 aut
|
| 240 |
1 |
0 |
|a Anna and the Swallow man.
|l Česky
|
| 245 |
1 |
0 |
|a Anna a Vlaštovčí muž /
|c Gavriel Savit ; přeložila Věra Klásková
|
| 250 |
|
|
|a Vydání první
|
| 264 |
|
1 |
|a Praha :
|b Paseka,
|c 2016
|
| 300 |
|
|
|a 203 stran :
|b ilustrace ;
|c 21 cm
|
| 336 |
|
|
|a text
|b txt
|2 rdacontent
|
| 337 |
|
|
|a bez média
|b n
|2 rdamedia
|
| 338 |
|
|
|a svazek
|b nc
|2 rdacarrier
|
| 500 |
|
|
|a Přeloženo z angličtiny
|
| 650 |
0 |
7 |
|a druhá světová válka (1939-1945)
|7 ph117270
|2 czenas
|
| 650 |
0 |
7 |
|a děti a válka
|7 ph194679
|2 czenas
|
| 650 |
0 |
9 |
|a World War (1939-1945)
|2 eczenas
|
| 650 |
0 |
9 |
|a children and war
|2 eczenas
|
| 655 |
|
7 |
|a americké romány
|7 fd131796
|2 czenas
|
| 655 |
|
7 |
|a publikace pro mládež
|7 fd133157
|2 czenas
|
| 655 |
|
9 |
|a American fiction
|2 eczenas
|
| 655 |
|
9 |
|a juvenile literature
|2 eczenas
|
| 700 |
1 |
|
|a Klásková, Věra,
|d 1970-
|7 xx0002814
|4 trl
|
| 910 |
2 |
|
|a BOA001
|b 2-1368.479
|
| 990 |
|
|
|a BK
|
| 995 |
|
|
|a 01
|
| 996 |
6 |
|
|b 2610670359
|c 2-1368.479
|l MZK
|r Sklad / do 1 hodiny
|n 5
|p p.v.
|w 001561188
|u 000010
|a 1
|e BOA001
|j MZK50
|s P
|